LEADER 01048nam0 22002411i 450 001 UON00182945 005 20231205103140.239 010 $a88-387-9693-9 100 $a20030730d1990 |0itac50 ba 101 $aita 102 $aIT 105 $a|||| 1|||| 200 1 $aOrdinamento delle autonomie locali$ecommento alla legge 8 giugno 1990, n. 142$enorme complementari - documenti - schemi$fLuciano Vandelli 210 $aRimini$cMaggi oli editore$d1990 - XXVII,448 p. ; 24 cm 410 1$1001UON00171747$12001 $aStrumenti di diritto pubblico $1210 $aRimini$cMaggioli editore$v5 606 $aAutonomie locali$xStudi$3UONC035181$2FI 700 1$aVandelli$bLuciano$3UONV099479$0115586 801 $aIT$bSOL$c20250217$gRICA 899 $aSIBA - SISTEMA BIBLIOTECARIO DI ATENEO$2UONSI 912 $aUON00182945 950 $aSIBA - SISTEMA BIBLIOTECARIO DI ATENEO$dSI PUB D 0252 $eSI SC 21794 5 0252 996 $aOrdinamento delle autonomie locali$9643914 997 $aUNIOR